Statistics for Memorable American TV Characters #2

Click here to take the quiz!

General Stats

  • This quiz has been taken 30,810 times
    (18,713 since last reset)
  • The average score is 10 of 24

Answer Stats

CharacterShow% Correct
Joey TribbianiFriends
88%
Oscar the GrouchSesame Street
77%
Mr. KrabsSpongeBob SquarePants
75%
Sam MaloneCheers
57%
Ricky RicardoI Love Lucy
56%
SkeletorHe-Man and the Masters of the Universe
55%
Samantha JonesSex and the City
53%
Dr. ZoidbergFuturama
52%
Archie BunkerAll in the Family
45%
Sue SylvesterGlee
45%
Liz Lemon30 Rock
44%
SylarHeroes
40%
Winnie CooperThe Wonder Years
38%
Earl of GranthamDownton Abbey
36%
Lionel HutzThe Simpsons
36%
Sookie StackhouseTrue Blood
36%
Ginger GrantGilligan's Island
33%
Willis JacksonDiff'rent Strokes
31%
Carla EspinosaScrubs
31%
Señor ChangCommunity
27%
Gabrielle SolisDesperate Housewives
25%
Bob LoblawArrested Development
20%
Elana GilbertThe Vampire Diaries
20%
Sam BeckettQuantum Leap
19%

Score Distribution

Percentile by Number Answered

Percent of People with Each Score

Your Score History

You have not taken this quiz since the last reset